00397 a2200145 4500003000400000005001700004008004100021020001800062040000900080082001700089100002400106245008300130260002900213300000900242OSt20240823105645.0231018b |||||||| |||| 00| 0 eng d a9789352880997 coclc a492.7bWAF/I aWafy,mohammed shafi aIDIOMS AND PHRASES IN ARABIC AND ENGLISH NEWSPAPERS /cDr. Mohammed Shafi Wafy aMalappuram:bWafy books, a223p